Cuaderno de ilustraciones prácticas en psicología del aprendizaje / (Record no. 17053)
[ view plain ]
| 000 -LEADER | |
|---|---|
| campo de control de longitud fija | 01008nam a2200253 i 4500 |
| 001 - NÚMERO DE CONTROL | |
| campo de control | 17053 |
| 003 - IDENTIFICADOR DE NÚMERO DE CONTROL | |
| campo de control | ES-MaACL |
| 005 - FECHA Y HORA DE LA ÚLTIMA TRANSACCIÓN | |
| campo de control | 20250828092115.0 |
| 007 - CAMPO FIJO DE DESCRIPCIÓN FÍSICA--INFORMACIÓN GENERAL | |
| campo de control de longitud fija | t| |
| 008 - DATOS DE LONGITUD FIJA--INFORMACIÓN GENERAL | |
| campo de control de longitud fija | 001218s1994 sp ||||1| spa d |
| 020 ## - NÚMERO INTERNACIONAL ESTÁNDAR DEL LIBRO | |
| Número Internacional Estándar del Libro | 84-87291-38-4 |
| 080 ## - NÚMERO DE LA CLASIFICACIÓN DECIMAL UNIVERSAL | |
| Número de la Clasificación Decimal Universal | 159.953.5 |
| 100 1# - ENTRADA PRINCIPAL--NOMBRE DE PERSONA | |
| Nombre de persona | García Jurado, José. |
| 9 (RLIN) | 54803 |
| 245 10 - MENCIÓN DEL TÍTULO | |
| Título | Cuaderno de ilustraciones prácticas en psicología del aprendizaje / |
| Mención de responsabilidad, etc. | José García Jurado, Ricardo Pellón Suárez de Puga, Teresa Rizo Gutiérrez ; dibujos: José María López Noblejas. |
| 260 ## - PUBLICACIÓN, DISTRIBUCIÓN, ETC. | |
| Lugar de publicación, distribución, etc. | Melilla : |
| Nombre del editor, distribuidor, etc. | Servicio de Publicaciones del Centro UNED-Melilla, |
| Fecha de publicación, distribución, etc. | [1994] |
| 300 ## - DESCRIPCIÓN FÍSICA | |
| Extensión | 126 p. : |
| Otras características físicas | il. ; |
| Dimensiones | 21 cm. |
| 650 14 - PUNTO DE ACCESO ADICIONAL DE MATERIA--TÉRMINO DE MATERIA | |
| Término de materia o nombre geográfico como elemento de entrada | Aprendizaje. |
| 9 (RLIN) | 9924 |
| 700 1# - ENTRADA AGREGADA--NOMBRE PERSONAL | |
| Nombre de persona | Pellón Suárez de Puga, Ricardo. |
| 9 (RLIN) | 90108 |
| 700 1# - ENTRADA AGREGADA--NOMBRE PERSONAL | |
| Nombre de persona | Rizo Gutiérrez, Teresa. |
| 9 (RLIN) | 97753 |
| 700 1# - ENTRADA AGREGADA--NOMBRE PERSONAL | |
| Nombre de persona | López Noblejas, José María. |
| 9 (RLIN) | 73828 |
| 710 2# - ENTRADA AGREGADA--NOMBRE DE ENTIDAD CORPORATIVA | |
| Nombre de entidad corporativa o nombre de jurisdicción como elemento de entrada | Universidad Nacional de Educación a Distancia (España). |
| Unidad subordinada | Centro Asociado de Melilla |
| 9 (RLIN) | 7407 |
| 852 ## - LOCALIZACIÓN | |
| Ubicación | ES-MaACL |
| Número de control de estantería | L-24000 |
| Sublocalización o colección | R.129054 |
| Estatus retirado | Estado de pérdida | Estado de daño | No para préstamo | Biblioteca de origen | Biblioteca actual | Ubicación en estantería | Fecha de adquisición | Fuente de adquisición | Total de préstamos | Signatura topográfica completa | Código de barras | Visto por última vez | Precio de reemplazo | Tipo de ítem Koha |
|---|---|---|---|---|---|---|---|---|---|---|---|---|---|---|
| Biblioteca del Ateneo de Madrid | Biblioteca del Ateneo de Madrid | Depósito 2 | 17/01/2008 | L-24000 | 1017398 | 23/02/2023 | 23/02/2023 | Libro impreso |
